Lawyers v. educators : black colleges and desegregation in public higher education /

Bibliographic Details
Main Author: Preer, Jean L.
Format: Book
Language:English
Published: Westport, Conn. : Greenwood Press, 1982.
Series:Contributions in American studies ; no. 61.
Subjects:

MARC

Tag First Indicator Second Indicator Subfields
LEADER 00000pam a2200000 a 4500
001 in00000253421
005 20151010052519.0
008 820113s1982 ctu b 00110 eng
010 |a  81022567  
020 |a 0313230943 (lib. bdg.) 
035 |a (OCoLC)08133374 
035 |9 ABC0723AM 
040 |a DLC  |c DLC  |d TXA  |d UtOrBLW 
043 |a n-us--- 
049 |a TXAM  |c [986160] 
050 0 0 |a KF4232  |b P73 1982 
082 0 |a 344.73/0798  |a 347.304798  |2 19 
100 1 |a Preer, Jean L. 
245 1 0 |a Lawyers v. educators :  |b black colleges and desegregation in public higher education /  |c Jean L. Preer. 
264 1 |a Westport, Conn. :  |b Greenwood Press,  |c 1982. 
300 |a 278 pages ;  |c 25 cm. 
336 |a text  |b txt  |2 rdacontent 
337 |a unmediated  |b n  |2 rdamedia 
338 |a volume  |b nc  |2 rdacarrier 
490 1 |a Contributions in American studies,  |x 0084-9227 ;  |v no. 61 
500 |a Includes index. 
504 |a Bibliography: pages [247]-269. 
650 0 |a African American universities and colleges  |x Law and legislation. 
650 0 |a Segregation in higher education  |x Law and legislation  |z United States. 
830 0 |a Contributions in American studies ;  |v no. 61. 
999 |a MARS 
999 f f |s 5c8bebbb-3d25-3214-b5c9-b2ac7cb89b59  |i 99b5145a-469a-3574-bc97-90aedca98b50  |t 0 
952 f f |p ric  |a Texas A&M University  |b Rellis Campus  |c Joint Library Facility  |d Remote Storage  |t 0  |e KF4232 P73 1982  |h Library of Congress classification  |i unmediated -- volume  |m A14806352509 
998 f f |a KF4232 P73 1982  |t 0  |l Remote Storage